000
00246nam a22000857a 4500
008
161129b xxu||||| |||| 00| 0 eng d
100
_9
1568
_a
National Disaster Management
245
_a
Together Towords a safer India class-IX
260
_a
New Delhi
_b
NCERT
999
_c
4297
_d
4297